zpět

Detail výsledku týmu

Tyršovka, Ústí nad Labem

Datum a čas kvízu

25 Celkem bodů Celkový počet nahraných bodů na tomto kvízu bez doplňovacích otázek.
11. Pořadí na kvízu Konečné umístění týmu na tomto kvízu.

Zaznamenané odpovědi

# Otázka Odpověď Body Výsledky
1. Ve věku 100 let zemřel posledn... Emil Boček 1
2. Minulý týden spustila společno... Bard 0
3. Která brněnská rodačka a známá... Dagmar Havlová 0
4. Zlínská obuvnická firma Vasky... Botas 1
5. V noci na středu našeho času s... baseball 1
6. Vítězné téma facebookového hla... D) chléb ve tvaru ucha 0
7. První písemná zmínka o lasagní... bešamelová (bešamel) 1
8. Dne 1. dubna 1957 odvysílala j... BBC 1
9. Přiřaďte k sobě jednotlivé typ... 1B 2A 3C 4D 1
10. Jak se nazývá výrobce těstovin... Adriana 1